[Event "GER-ch U18"]
[Site "Willingen"]
[Date "2009.06.06"]
[Round "9"]
[White "Hirschberg, Valerian"]
[Black "Mory, Martin"]
[Result "1-0"]
[WhiteElo "2079"]
[BlackElo "1794"]
[PlyCount "109"]
[EventDate "2009.05.30"]
[EventType "swiss"]
[EventRounds "9"]
[EventCountry "GER"]
[SourceTitle "CBM 130 Extra"]
[Source "ChessBase"]
[SourceDate "2009.07.02"]
[SourceVersion "2"]
[SourceVersionDate "2009.07.15"]
[SourceQuality "1"]

1. Nf3 d5 2. c4 e6 3. g3 Nf6 4. Bg2 Bd6 5. 0-0 0-0 6. d4 b6 7. Nbd2 Bb7 8. b3 Nbd7 9. Bb2 c5 10. cxd5 exd5 11. Rc1 Re8 12. e3 Rc8 13. Nb1 Ne4 14. Nc3 Nxc3 15. Bxc3 Nf6 16. Qe2 Ne4 17. Ba1 Rc7 18. dxc5 bxc5 19. Qb2 f5 20. Rfd1 Rce7 21. h4 Qc7 22. Bh3 Nxg3 23. fxg3 Rxe3 24. Bg2 Re2 25. Rc2 Rxc2 26. Qxc2 Bxg3 27. Qxf5 d4 28. Qc2 Bxf3 29. Bxf3 Bxh4 30. Bg2 Qg3 31. Qf5 Qe3+ 32. Kh1 Qe5 33. Bd5+ Kh8 34. Qxe5 Rxe5 35. Bc4 Re1+ 36. Rxe1 Bxe1 37. Bb2 g5 38. Kg2 Kg7 39. Kf3 Kf6 40. Kg4 Bd2 41. Bd3 h6 42. Ba3 Bb4 43. Bc1 Ke5 44. Kh5 a5 45. a4 Bc3 46. Kxh6 g4 47. Kg5 g3 48. Bf4+ Kd5 49. Bxg3 Bb4 50. Kf5 Kc6 51. Ke6 Kb6 52. Kd7 Kb7 53. Be4+ Kb6 54. Bc7+ Ka6 55. Kc6 1-0

[Event "GER-ch U18"]
[Site "Willingen"]
[Date "2009.06.04"]
[Round "7"]
[White "Haeusler, Felix"]
[Black "Mory, Martin"]
[Result "0-1"]
[WhiteElo "1990"]
[BlackElo "1794"]
[PlyCount "68"]
[EventDate "2009.05.30"]
[EventType "swiss"]
[EventRounds "9"]
[EventCountry "GER"]
[SourceTitle "CBM 130 Extra"]
[Source "ChessBase"]
[SourceDate "2009.07.02"]
[SourceVersion "2"]
[SourceVersionDate "2009.07.15"]
[SourceQuality "1"]

1. e4 e5 2. Nf3 Nc6 3. Bc4 Nf6 4. d3 Bc5 5. c3 d6 6. 0-0 Be6 7. Bb3 Qd7 8. Bc2 Bb6 9. h3 0-0-0 10. Be3 h6 11. b4 g5 12. Bxb6 cxb6 13. Nh2 h5 14. a4 h4 15. f3 Nh5 16. d4 Bc4 17. d5 Bxf1 18. dxc6 Qxc6 19. Nxf1 d5 20. Qe1 d4 21. Bb3 Nf4 22. cxd4 Rxd4 23. Na3 Kb8 24. Rc1 Qxc1 25. Qxc1 Ne2+ 26. Kf2 Nxc1 27. Bxf7 Rc8 28. Nb5 Rc2+ 29. Kg1 Rd1 30. Na3 Rc3 31. Nb5 Re3 32. Bc4 Nd3 33. Bxd3 Rexd3 34. Kf2 a6 0-1

[Event "GER-ch U18"]
[Site "Willingen"]
[Date "2009.05.31"]
[Round "2"]
[White "Zahn, Benno"]
[Black "Mory, Martin"]
[Result "1-0"]
[WhiteElo "1881"]
[BlackElo "1794"]
[PlyCount "89"]
[EventDate "2009.05.30"]
[EventType "swiss"]
[EventRounds "9"]
[EventCountry "GER"]
[SourceTitle "CBM 130 Extra"]
[Source "ChessBase"]
[SourceDate "2009.07.02"]
[SourceVersion "2"]
[SourceVersionDate "2009.07.15"]
[SourceQuality "1"]

1. e4 e5 2. Nf3 Nc6 3. Nc3 Nf6 4. a3 d5 5. Bb5 Bg4 6. h3 Bxf3 7. Qxf3 d4 8. Nd5 Be7 9. Nxf6+ Bxf6 10. Bxc6+ bxc6 11. d3 0-0 12. h4 Rb8 13. Qh3 c5 14. b3 a5 15. a4 Be7 16. g4 c4 17. dxc4 d3 18. Qxd3 Qxd3 19. cxd3 Rxb3 20. Ke2 Rd8 21. Bd2 Rb2 22. Rhb1 Rdb8 23. Rxb2 Rxb2 24. Kd1 Bxh4 25. Kc1 Rb7 26. Rb1 Rxb1+ 27. Kxb1 Bxf2 28. Bxa5 Kf8 29. Bxc7 f6 30. Bd6+ Ke8 31. Kc2 Kd7 32. Bf8 g6 33. Kd2 Kc6 34. Be7 Bh4 35. d4 Kd7 36. Bc5 exd4 37. Bxd4 Kc6 38. a5 h5 39. gxh5 gxh5 40. a6 Bg5+ 41. Ke2 Kc7 42. c5 Kb8 43. c6 Bf4 44. a7+ Ka8 45. Bb6 1-0

[Event "Saale-Herbst op 3rd"]
[Site "Halle/Saale"]
[Date "2006.10.26"]
[Round "4"]
[White "Mory, Martin"]
[Black "Weigelt, Joachim"]
[Result "1-0"]
[WhiteElo "1538"]
[BlackElo "1641"]
[PlyCount "77"]
[EventDate "2006.10.25"]
[EventType "swiss"]
[EventRounds "7"]
[EventCountry "GER"]
[SourceTitle "EXT 2019"]
[Source "ChessBase"]
[SourceDate "2018.10.10"]
[SourceVersion "1"]
[SourceVersionDate "2018.10.10"]
[SourceQuality "1"]

1. e4 e5 2. f4 Bc5 3. Nf3 d6 4. Bc4 Nc6 5. d3 Nf6 6. Nc3 0-0 7. fxe5 dxe5 8. Bg5 h6 9. Bxf6 Qxf6 10. Nd5 Qd8 11. Qd2 a6 12. 0-0-0 Bg4 13. Rdf1 Bd6 14. h3 Be6 15. g4 Ne7 16. g5 h5 17. Nf6+ Kh8 18. Bxe6 fxe6 19. Nxh5 Ng6 20. h4 Nf4 21. Ng3 c6 22. h5 Qb6 23. g6 Bc5 24. Qh2 Bd6 25. h6 Nxd3+ 26. cxd3 Qe3+ 27. Kb1 gxh6 28. Qxh6+ Qxh6 29. Rxh6+ Kg7 30. Rh7+ Kxg6 31. Rxb7 Rfb8 32. Nh4+ Kh6 33. Ngf5+ exf5 34. Nxf5+ Kg6 35. Nxd6 Rxb7 36. Nxb7 Rb8 37. Nc5 a5 38. Rf5 Re8 39. Nd7 1-0